| 000 | 01260cam a22003134a 4500 | ||
|---|---|---|---|
| 001 | 14163878 | ||
| 003 | CEME | ||
| 005 | 20221205121829.0 | ||
| 008 | 051102s2006 nyua b 001 0 eng | ||
| 010 | _a 2005056209 | ||
| 020 | _a0071440577 | ||
| 035 | _a(OCoLC)ocm62282516 | ||
| 040 |
_aDLC _cDLC _dC#P _dBAKER _dDLC |
||
| 042 | _apcc | ||
| 050 | 0 | 0 |
_aTC180 _b.A55 2006 |
| 082 | 0 | 0 |
_a627 _222 |
| 100 | 1 |
_aAnnandale, G. W. _955887 |
|
| 245 | 1 | 0 |
_aScour technology :mechanics and engineering practice _bmechanics and engineering practice / _cGeorge W. Annandale. |
| 260 |
_aNew York : _bMcGraw-Hill, _cc2006. |
||
| 300 |
_axviii, 430 p. : _bill. ; _c24 cm. |
||
| 440 | 0 |
_aMcGraw-Hill civil engineering series _93453 |
|
| 504 | _aIncludes bibliographical references (p. 405-409) and index. | ||
| 650 | 0 |
_aScour (Hydraulic engineering) _955888 |
|
| 650 | 0 |
_aHydraulic structures _xDesign and construction. _944043 |
|
| 856 | 4 | 2 |
_3Contributor biographical information _uhttp://www.loc.gov/catdir/enhancements/fy0664/2005056209-b.html |
| 856 | 4 | 2 |
_3Publisher description _uhttp://www.loc.gov/catdir/enhancements/fy0664/2005056209-d.html |
| 856 | 4 | 1 |
_3Table of contents only _uhttp://www.loc.gov/catdir/enhancements/fy0664/2005056209-t.html |
| 942 |
_2ddc _cBK |
||
| 999 |
_c566513 _d566513 |
||